| 000 | 00394nam a2200169Ia 4500 | ||
|---|---|---|---|
| 001 | 27962 | ||
| 003 | IN-NITTTR | ||
| 005 | 20251114233347.0 | ||
| 008 | 251113s9999||||xx |||||||||||||| ||eng|| | ||
| 040 | _beng | ||
| 040 | _cIN-NITTTR | ||
| 041 | _aeng | ||
| 082 | _a005.133 N164C | ||
| 100 | _aNarang, Priyanka | ||
| 245 | 0 |
_aComputer shiksha : _b Tally / _cNarang, Priyanka |
|
| 942 |
_2ddc _cBK |
||
| 999 |
_c30590 _d30590 |
||